LEADER 00919nam0-22003011i-450- 001 990001330320403321 010 $a0-387-94064-2 035 $a000133032 035 $aFED01000133032 035 $a(Aleph)000133032FED01 035 $a000133032 100 $a20000920d1994----km-y0itay50------ba 101 0 $aeng 200 1 $aIterative solution of large sparse systems of equations$fWolfgang Hackbusch. 210 $aNew York$cSpringer-Verlag$dc1994. 215 $axvii, 429 p.$cill.$d24 cm 225 1 $aApplied mathematical sciences$v95 610 0 $aSistemi di equazioni$aSoluzioni numeriche 676 $a512.9434 700 1$aHackbusch,$bWolfgang$051792 801 0$aIT$bUNINA$gRICA$2UNIMARC 901 $aBK 912 $a990001330320403321 952 $aC-33-(95$b11651$fMA1 959 $aMA1 996 $aITERATIVE SOLUTION OF LARGE SPARSE SYSTEMS OF EQUATIONS$9315879 997 $aUNINA DB $aING01